00811nam a22001817a 450000500170000000800410001702000190005804000070007704100080008408200180009210000150011024500420012526000410016730000330020836500700024152003040031165000140061520220315104715.0220315b ||||| |||| 00| 0 eng d a978935269*2736 cAL aeng 223a332bAROG aNeha Arora aGlobalised economy and banking sector aNew DelhibRandom Publicationsc2019 aviii,298p.bHBc23.5x15.5cm. 2GeneralaABDI/0566/22b₹1462.50c₹d₹1950.00e25%f7-3-2022 aGlobal economic system; monetary theory in economy; international monetary systems; banking sector; customer relationship management in banking sector; the marketing mix in banking sector; the role of the banking system in the economy; theories of multinational banking; foreign exchange management. 2Economics